Statystyki dla Który kraj jest większy?

Kliknij tutaj aby rozwiązać quiz!

Ogólne statystyki

  • Ten quiz został rozwiązany 265 razy
  • Średni wynik to 8 z 10

Statystyki odpowiedzi

ZagadnienieOdpowiedź% Poprawnych
Który kraj jest większy? Madagaskar czy Chiny?Chiny
100%
Który kraj jest większy? Holandia czy Hiszpania?Hiszpania
100%
Który kraj jest większy? Australia czy Rosja?Rosja
100%
Który kraj jest większy? Namibia czy RPA? (Republika Południowej Afryki)RPA (Republika Południowej Afryki)
100%
Który kraj jest większy? Francja czy Brazylia?Brazylia
96%
Który kraj jest większy? Zambia czy Armenia?Zambia
96%
Który kraj jest większy? Kanada czy Stany Zjednoczone?Kanada
94%
Który kraj jest większy? Finlandia czy Dania?Finlandia
89%
Który kraj jest większy? Austria czy Słowenia?Austria
88%
Który kraj jest większy? Angola czy Słowacja?Angola
86%
Który kraj jest większy? Kongo czy DRK? (Demokratyczna Republika Konga)DRK (Demokratyczna Republika Konga)
86%
Który kraj jest większy? Papua Nowa Gwinea czy Brunei?Papua Nowa Gwinea
86%
Który kraj jest większy? Albania czy Sudan?Sudan
85%
Który kraj jest większy? Dominikana czy Dominika?Dominikana
83%
Który kraj jest większy? Gambia czy Senegal?Senegal
83%
Który kraj jest większy? Mauritius czy MauretaniaMauretania
79%
Który kraj jest większy? Oman czy Zjednoczone Emiraty Arabskie (ZEA)Oman
79%
Który kraj jest większy? Austria czy Bangladesz?Bangladesz
69%
Który kraj jest większy? Turcja czy Egipt?Egipt
55%
Który kraj jest większy? Antigua i Barbuda czy Barbados?Antigua i Barbuda
44%

Rozkład punktacji

Percentyl według liczby udzielonych odpowiedzi

Procent ludzi z każdym wynikiem

Twoja historia wyników

Nie rozwiązałeś tego quizu